Stories of : Dragons

Bibliographic Details
Main Author: Rawson, Christopher
Other Authors: Cartwright, Stephen
Format: Book
Published: London : Usborne , 2003
Series:Usborne young reading:Series One
Subjects:

MARC

LEADER 00000cam a2200000 7i4500
001 0000002826
005 20220105103938.0
008 070716
020 |a 0746054041 
090 0 0 |a JP   |b AD ENG (2427) 
100 0 |a Rawson, Christopher 
245 1 0 |a Stories of :   |b Dragons   |c Christopher Rawson;llustrated by Stephen Cartwright 
260 |a London :   |b Usborne ,   |c 2003 
440 |a Usborne young reading:Series One 
500 |a Children age 4-6 years old (yellow) 
650 0 |a Adventure 
650 0 |a Junior fiction   |x English   |x languages 
700 0 |a Cartwright, Stephen 
999 |a 0000895962   |b Book   |c Children Collection   |e Cawangan Tmn. Ungku Tun Aminah 
999 |a 0000895963   |b Book   |c Children Collection   |e Cawangan Tmn. Ungku Tun Aminah 
999 |a 0000895966   |b Book   |c Children Collection   |e Cawangan Segamat 
999 |a 0000895967   |b Book   |c Adult Collection   |e Cawangan Mersing 
999 |a 0000895969   |b Book   |c Children Collection   |e Cawangan Bandar Penawar 
999 |a 0000966116   |b Book   |c Children Collection   |e Cawangan Segamat 
999 |a 0000966117   |b Book   |c Children Collection   |e Perbadanan Perpustakaan Awam Johor 
999 |a 0000966118   |b Book   |c Children Collection   |e Perbadanan Perpustakaan Awam Johor 
999 |a 0000966119   |b Book   |c Children Collection   |e Cawangan Sri Merlong 
999 |a 0000966120   |b Book   |c Children Collection   |e Perbadanan Perpustakaan Awam Johor 
999 |a 00095972   |b Book   |c Children Collection   |e Cawangan Batu Pahat